Visualizzazione normale
Vista MARC
- Cosma Vittorio
di Personal Name
Records bibliografici associati: 1
001 - CONTROL NUMBER
- control field: 25952
003 - CONTROL NUMBER IDENTIFIER
- control field: IT-RoPau
005 - DATE AND TIME OF LATEST TRANSACTION
- control field: 20140521150735.0
008 - FIXED-LENGTH DATA ELEMENTS
- fixed length control field: 140521|| aca||aabn | a|a d
040 ## - CATALOGING SOURCE
- Original cataloging agency: IT-RoPau
- Transcribing agency: IT-RoPau
100 ## - HEADING--PERSONAL NAME
- Personal name: Cosma Vittorio
- Relator term: Autore
- Miscellaneous information: Codice autore SPICS: 14411
- Name of part/section of a work: Vil Coyote - Come in uno specchio - Il vento di Elora - L'albero delle spade
670 ## - SOURCE DATA FOUND
- Source citation: Work cat.: (IT-RoPau)101582: Finardi Eugenio 16658, Vento di Elora (Il)